[Event "LSS No Engine Cup 96 Preliminary 4"]
[Site "LSS email"]
[Date "2013.10.15"]
[Round "?"]
[White "Khachatruan, Gurgen"]
[Black "Murphy, Jones"]
[Result "0-1"]
[WhiteElo "1593"]
[BlackElo "1338"]
[PlyCount "20"]
[EventDate "2013.10.16"]
[EventType "tourn (corr)"]
[EventRounds "6"]
[EventCountry "GER"]
[SourceTitle "Corr 2015"]
[Source "ChessBase"]
[SourceDate "2015.07.17"]
[SourceVersion "1"]
[SourceVersionDate "2015.07.17"]
[SourceQuality "1"]

1. e4 c6 2. d4 d5 3. Nc3 dxe4 4. Nxe4 Nf6 5. Nxf6+ exf6 6. Nf3 Bd6 7. Bd3 0-0 8. 0-0 Bg4 9. h3 Bh5 10. c3 Nd7 0-1

[Event "OP-2013-0-03055"]
[Site "LSS email"]
[Date "2013.10.12"]
[Round "?"]
[White "Rybak, Jarek"]
[Black "Khachatruan, Gurgen"]
[Result "1-0"]
[WhiteElo "1454"]
[BlackElo "1593"]
[PlyCount "59"]
[EventDate "2013.10.09"]
[EventType "tourn (corr)"]
[EventRounds "4"]
[EventCountry "GER"]
[SourceTitle "Telechess CBM 163"]
[Source "ChessBase"]
[SourceDate "2014.11.11"]
[SourceVersion "2"]
[SourceVersionDate "2014.11.11"]
[SourceQuality "1"]

1. e4 e5 2. Nf3 Nc6 3. Bc4 Bc5 4. b4 Bxb4 5. c3 Ba5 6. d4 exd4 7. 0-0 Nf6 8. Ba3 d6 9. e5 Ne4 10. exd6 cxd6 11. Qe2 Qe7 12. Re1 f5 13. Bd5 Bd7 14. Nbd2 Bxc3 15. Bxe4 fxe4 16. Nxe4 Bxe1 17. Bxd6 Bxf2+ 18. Qxf2 Qxe4 19. Re1 Bf5 20. Rxe4+ Bxe4 21. Ng5 Bd5 22. Qf5 Bxa2 23. Qe4+ Kd8 24. Qh4 Ke8 25. Qh5+ Kd7 26. Ne4 g6 27. Qg4+ Be6 28. Qf4 Bf5 29. Nc5+ Kc8 30. g4 1-0

[Event "OP-2012-0-02487"]
[Site "LSS email"]
[Date "2012.11.08"]
[Round "?"]
[White "Tarasov, Grigory Aleksandrov"]
[Black "Khachatruan, Gurgen"]
[Result "1-0"]
[WhiteElo "1818"]
[BlackElo "1740"]
[PlyCount "51"]
[EventDate "2012.11.05"]
[EventType "tourn (corr)"]
[EventRounds "4"]
[EventCountry "GER"]
[SourceTitle "Telechess CBM 163"]
[Source "ChessBase"]
[SourceDate "2014.11.11"]
[SourceVersion "2"]
[SourceVersionDate "2014.11.11"]
[SourceQuality "1"]

1. e4 c5 2. Nf3 d6 3. d4 cxd4 4. Nxd4 Nf6 5. Nc3 a6 6. h3 e5 7. Nb3 Nc6 8. Be3 Be6 9. Qf3 Rc8 10. 0-0-0 Be7 11. g4 h6 12. Kb1 b5 13. Qg2 0-0 14. Be2 Ne8 15. f4 Bh4 16. Nd5 exf4 17. Bxf4 Ne5 18. Nd4 Nf6 19. Rhf1 Bd7 20. Ne3 Bg5 21. Nef5 Bxf5 22. exf5 Bxf4 23. Rxf4 Nfd7 24. Qg3 d5 25. h4 Qc7 26. g5 1-0

[Event "RC-2012-0-00107"]
[Site "LSS email"]
[Date "2012.11.07"]
[Round "?"]
[White "Willmann, Bernd"]
[Black "Khachatruan, Gurgen"]
[Result "0-1"]
[WhiteElo "1850"]
[BlackElo "1741"]
[PlyCount "78"]
[EventDate "2012.09.18"]
[EventType "tourn (corr)"]
[EventRounds "6"]
[EventCountry "GER"]
[SourceTitle "Telechess CBM 159"]
[Source "ChessBase"]
[SourceDate "2014.03.17"]
[SourceVersion "1"]
[SourceVersionDate "2014.03.17"]
[SourceQuality "1"]

1. c4 Nf6 2. d4 g6 3. Nc3 d5 4. Nf3 Bg7 5. Qb3 dxc4 6. Qxc4 0-0 7. e4 c6 8. h3 b5 9. Qb3 a5 10. Qc2 Na6 11. Bd2 c5 12. d5 b4 13. Na4 Bd7 14. Bxa6 Bxa4 15. Qxa4 Rxa6 16. Qc2 Qa8 17. 0-0 e6 18. dxe6 Rxe6 19. Ng5 Re7 20. Qxc5 Rfe8 21. Rad1 h6 22. Nf3 Nxe4 23. Qc2 Qa6 24. Bf4 Qe6 25. Qa4 Bxb2 26. Qxa5 Bc3 27. Bxh6 b3 28. Qa3 b2 29. Rb1 Rb7 30. Be3 Qc4 31. Rfd1 Rbb8 32. Qa7 Bf6 33. Nd2 Nxd2 34. Rxd2 Red8 35. Rxd8+ Rxd8 36. Qb6 Qc3 37. Qa6 Bd4 38. Qe2 Bxe3 39. Rxb2 Bf4 0-1

[Event "OP-2012-0-02093"]
[Site "LSS email"]
[Date "2012.03.05"]
[Round "?"]
[White "Khachatruan, Gurgen"]
[Black "Szodi, Szabolcs"]
[Result "0-1"]
[WhiteElo "1732"]
[BlackElo "2103"]
[PlyCount "64"]
[EventDate "2012.02.29"]
[EventType "tourn (corr)"]
[EventRounds "4"]
[EventCountry "GER"]
[SourceTitle "Telechess CBM 153"]
[Source "ChessBase"]
[SourceDate "2013.03.14"]
[SourceVersion "1"]
[SourceVersionDate "2013.03.14"]
[SourceQuality "1"]

1. e4 e6 2. d4 d5 3. Nc3 Bb4 4. e5 c5 5. a3 Bxc3+ 6. bxc3 Ne7 7. Qg4 Qc7 8. Qxg7 Rg8 9. Qxh7 cxd4 10. Ne2 Nbc6 11. f4 Bd7 12. Qd3 dxc3 13. h4 Nf5 14. h5 0-0-0 15. Qxc3 d4 16. Qc4 f6 17. exf6 Nd6 18. Qb3 Ne4 19. f7 Rgf8 20. Qd3 Nc5 21. Qc4 Ne4 22. c3 e5 23. fxe5 Rxf7 24. e6 d3 25. Qxe4 dxe2 26. Kxe2 Re8 27. exf7 Rxe4+ 28. Kf3 Ne5+ 29. Kxe4 Bc6+ 30. Ke3 Ng4+ 31. Kd2 Qf4+ 32. Kc2 Ba4+ 0-1

[Event "BI-2011-P-00031"]
[Site "LSS email"]
[Date "2011.04.17"]
[Round "?"]
[White "Khachatruan, Gurgen"]
[Black "Edwards, KEDG"]
[Result "0-1"]
[WhiteElo "1202"]
[BlackElo "1935"]
[PlyCount "22"]
[EventDate "2011.04.20"]
[EventType "tourn (corr)"]
[EventRounds "10"]
[EventCountry "GER"]
[SourceTitle "Corr 2015"]
[Source "ChessBase"]
[SourceDate "2015.07.17"]
[SourceVersion "1"]
[SourceVersionDate "2015.07.17"]
[SourceQuality "1"]

1. e4 e6 2. d4 d5 3. Nc3 Bb4 4. exd5 exd5 5. Bd3 Nc6 6. Nf3 Nf6 7. 0-0 0-0 8. h3 Bxc3 9. bxc3 Re8 10. Re1 Ne4 11. Ng5 Bf5 0-1

[Event "BI-2011-P-00031"]
[Site "LSS email"]
[Date "2011.04.17"]
[Round "?"]
[White "Tobey, Al E"]
[Black "Khachatruan, Gurgen"]
[Result "1-0"]
[WhiteElo "625"]
[BlackElo "1202"]
[PlyCount "35"]
[EventDate "2011.04.20"]
[EventType "tourn (corr)"]
[EventRounds "10"]
[EventCountry "GER"]
[SourceTitle "Telechess CBM 149"]
[Source "ChessBase"]
[SourceDate "2012.07.17"]
[SourceVersion "1"]
[SourceVersionDate "2012.07.17"]
[SourceQuality "1"]

1. e4 e5 2. Nf3 Nc6 3. c3 Nf6 4. d3 d5 5. exd5 Nxd5 6. Be2 Be7 7. 0-0 0-0 8. Nfd2 Nf4 9. Bf3 Nxd3 10. Ne4 f5 11. Qb3+ Kh8 12. Ned2 e4 13. Be2 Nce5 14. f4 Nxc1 15. Rxc1 Nd3 16. Bxd3 Qxd3 17. Qc4 Qe3+ 18. Kh1 1-0

[Event "RN-2011-0-00355"]
[Site "LSS email"]
[Date "2011.03.02"]
[Round "?"]
[White "Joey, Tribianii"]
[Black "Khachatruan, Gurgen"]
[Result "1/2-1/2"]
[WhiteElo "1118"]
[BlackElo "1118"]
[PlyCount "83"]
[EventDate "2011.02.15"]
[EventType "tourn (corr)"]
[EventRounds "6"]
[EventCountry "GER"]
[SourceTitle "Telechess CBM 147"]
[Source "ChessBase"]
[SourceDate "2012.03.16"]
[SourceVersion "1"]
[SourceVersionDate "2012.03.16"]
[SourceQuality "1"]

1. d4 Nf6 2. c4 e6 3. Nf3 Be7 4. Nc3 0-0 5. e4 d6 6. Be2 c5 7. 0-0 cxd4 8. Nxd4 Nc6 9. Be3 Bd7 10. Qd2 a6 11. Rfd1 Ne5 12. f3 Rc8 13. b3 Re8 14. a4 Qc7 15. a5 d5 16. exd5 exd5 17. Nxd5 Nxd5 18. cxd5 Qd6 19. Nc2 Bf6 20. Rac1 Ng6 21. Bd4 Bxd4+ 22. Nxd4 Rxc1 23. Rxc1 Qxd5 24. Bc4 Qd6 25. Qf2 Qb4 26. Ra1 Qc3 27. Rd1 Qxa5 28. Bf1 Ne5 29. Nc2 Be6 30. Nd4 Bd5 31. Re1 Qd8 32. b4 f6 33. Nf5 Be6 34. Nd4 Bf7 35. Nc2 Qd6 36. f4 Ng4 37. Rxe8+ Bxe8 38. Qd4 Qxd4+ 39. Nxd4 Ne3 40. Kf2 Nxf1 41. Kxf1 Kf7 42. Ke2 1/2-1/2

[Event "OP-2011-0-01426"]
[Site "LSS email"]
[Date "2011.03.01"]
[Round "?"]
[White "Herzog, Klaus"]
[Black "Khachatruan, Gurgen"]
[Result "1-0"]
[WhiteElo "1802"]
[BlackElo "1495"]
[PlyCount "57"]
[EventDate "2011.02.25"]
[EventType "tourn (corr)"]
[EventRounds "4"]
[EventCountry "GER"]
[SourceTitle "Telechess CBM 145"]
[Source "Chessbase"]
[SourceDate "2011.11.11"]
[SourceVersion "1"]
[SourceVersionDate "2011.11.11"]
[SourceQuality "1"]

1. d4 Nf6 2. c4 e6 3. Nc3 Bb4 4. f3 0-0 5. a3 Bxc3+ 6. bxc3 d5 7. cxd5 exd5 8. e3 Nh5 9. g3 Nc6 10. Bg2 Nf6 11. Ne2 Re8 12. 0-0 Na5 13. Qc2 c5 14. Rb1 Qe7 15. Nf4 Qc7 16. Qd3 c4 17. Qc2 Qc6 18. Re1 Nb3 19. Bb2 g5 20. Nh3 g4 21. fxg4 Bxg4 22. Rf1 Bxh3 23. Bxh3 Ne4 24. Rbe1 Re7 25. Rf4 Rae8 26. Bf5 h6 27. Qe2 Ng5 28. Qf2 Qd6 29. Kg2 1-0